Caligrafía fácil 8 / (Registro nro. 9382)
[ vista simple ]
| 000 -LIDER | |
|---|---|
| fixed length control field | 00714nam a22002537a 4500 |
| 001 - NÚMERO DE CONTROL | |
| Identificador de número de control | 000200 |
| 003 - IDENTIFICACDOR DE NÚMERO DE CONTROL | |
| control field | DO-SdBNP |
| 005 - DATE AND TIME OF LATEST TRANSACTION | |
| control field | 20180321141238.0 |
| 007 - CAMPOS FIJOS DE DESCRIPCIÓN FÍSICA | |
| fixed length control field | 000200 |
| 008 - ELEMENTOS DE LONGITUD FIJA | |
| fixed length control field | 151210b 2003 dr a 00| 0 spa d |
| 020 ## - ISBN | |
| International Standard Book Number | 9993476366 |
| 040 ## - FUENTE DE CATALOGACIÓN | |
| Agencia que crea de manera original el registro | BPMSU |
| Idioma de catalogación | spa |
| Agencia que realiza la transcripción | BPMSU |
| 092 ## - LOCALLY ASSIGNED DEWEY DECIMAL CALL NUMBER | |
| Número de clasificación | xxxx |
| Número de ítem (Cutter) | xxxx |
| 100 1# - ASIENTO PRINCIPAL -- NOMBRE PERSONAL | |
| Nombre personal | Valle Rojas, Miguel del |
| 245 10 - MENCIÓN DE TITULO | |
| Título | Caligrafía fácil 8 / |
| Mención de responsabilidad | Miguel del Valle Rojas |
| 260 ## - PUBLICACIÓN, DISTRIBUCIÓN, ETC. (PIE DE IMPRENTA) | |
| Lugar de publicación, distribución, etc | Santo Domingo ; |
| Nombre del editor, distribuidor, etc. | Actualidad escolar 2000, |
| Fecha de publicación, distribución, etc | 2003. |
| Impresor | Centenario |
| 300 ## - DESCRIPCIÓN FÍSICA | |
| Extensión | 95 p.; |
| Otros detalles físicos | il. |
| Dimensiones | 28 cm. |
| 500 ## - NOTA GENERAL | |
| Nota general | Libro de texto |
| 586 ## - AWARDS NOTE | |
| Awards note | Premio Ministerio de Cultura J. Buigas |
| 910 ## - VALIDACIÓN | |
| Validación | 00144 |
| 942 ## - ADDED ENTRY ELEMENTS (KOHA) | |
| Source of classification or shelving scheme | Dewey Decimal Classification |
| Koha item type | Libros |
| 945 ## - INFORMACIÓN DE PROCESAMIENTO LOCAL | |
| Información de procesamiento local | Remanejado para la BNPHU / 2018 VM |
| 956 ## - LOCAL ELECTRONIC LOCATION AND ACCESS (OCLC) | |
| Nombre de host | Yngrid Lockward |
| Número de acceso | 10 |
| Withdrawn status | Lost status | Source of classification or shelving scheme | Damaged status | Not for loan | Collection code | Home library | Current library | Date acquired | Source of acquisition | Total Checkouts | Barcode | Date last seen | Price effective from | Koha item type |
|---|---|---|---|---|---|---|---|---|---|---|---|---|---|---|
| Dewey Decimal Classification | Colección Escolar | Biblioteca Pública Metropolitana Salomé Ureña | Biblioteca Pública Metropolitana Salomé Ureña | 03/28/2016 | Donación | BPM16030265 | 03/28/2016 | 03/28/2016 | Libros |